Countries with the highest population density - Statistics

General Stats
  • This quiz has been taken 32 times
  • The average score is 10 of 20
Answer Stats
Density (km2) Answer % Correct
18,475 Monaco
90%
385 India
87%
7,618 Singapore
83%
531 San Marino
80%
1,818 Vatican City
80%
647 Taiwan
73%
407 Netherlands
67%
1,095 Bangladesh
60%
503 South Korea
57%
1,631 Bahrain
53%
397 Haiti
50%
1,321 Malta
47%
638 Barbados
33%
1,065 Maldives
33%
487 Lebanon
30%
389 Comoros
27%
474 Nauru
27%
436 Tuvalu
27%
618 Mauritius
23%
416 Rwanda
20%
No matching quizzes found
Score Distribution
Percent of People with Each Score
Percentile by Number Answered
Your Score History
You have not taken this quiz